<?xml version="1.0" encoding="UTF-8"?>
<record
    xmlns:xsi="http://www.w3.org/2001/XMLSchema-instance"
    xsi:schemaLocation="http://www.loc.gov/MARC21/slim http://www.loc.gov/standards/marcxml/schema/MARC21slim.xsd"
    xmlns="http://www.loc.gov/MARC21/slim">

  <leader>01014nas a22002773u 4500</leader>
  <controlfield tag="001">ssib019743315</controlfield>
  <controlfield tag="003">WaSeSS</controlfield>
  <controlfield tag="005">20211109151202.0</controlfield>
  <controlfield tag="006">m        d        </controlfield>
  <controlfield tag="007">cr  n         </controlfield>
  <controlfield tag="008">160908uuuuuuuuu||||| |ss||||||   ||||||d</controlfield>
  <datafield tag="040" ind1=" " ind2=" ">
    <subfield code="a">WaSeSS</subfield>
    <subfield code="c">WaSeSS</subfield>
    <subfield code="d">WaSeSS</subfield>
  </datafield>
  <datafield tag="092" ind1=" " ind2=" ">
    <subfield code="a">EPER</subfield>
  </datafield>
  <datafield tag="130" ind1="0" ind2=" ">
    <subfield code="a">Reader's Digest (India : Online)</subfield>
    <subfield code="9">10084</subfield>
  </datafield>
  <datafield tag="245" ind1="1" ind2="0">
    <subfield code="a">Reader's Digest (India)</subfield>
    <subfield code="h">[electronic resource].</subfield>
  </datafield>
  <datafield tag="260" ind1=" " ind2=" ">
    <subfield code="a">[S.l.] :</subfield>
    <subfield code="b">[s.n.]</subfield>
  </datafield>
  <datafield tag="500" ind1=" " ind2=" ">
    <subfield code="a">Title from content provider.</subfield>
  </datafield>
  <datafield tag="506" ind1=" " ind2=" ">
    <subfield code="a">Requires an SPL library card.</subfield>
  </datafield>
  <datafield tag="516" ind1=" " ind2=" ">
    <subfield code="a">Text (electronic journal).</subfield>
  </datafield>
  <datafield tag="538" ind1=" " ind2=" ">
    <subfield code="a">Mode of access: World Wide Web.</subfield>
  </datafield>
  <datafield tag="655" ind1=" " ind2="0">
    <subfield code="a">Electronic journals.</subfield>
    <subfield code="9">10085</subfield>
  </datafield>
  <datafield tag="710" ind1="2" ind2=" ">
    <subfield code="a">NewspaperDirect (Firm)</subfield>
    <subfield code="9">10086</subfield>
  </datafield>
  <datafield tag="856" ind1="4" ind2="0">
    <subfield code="y">Click here to access this full text electronic journal online.</subfield>
    <subfield code="u">http://MY2VS8LV9P.search.serialssolutions.com/?V=1.0&amp;L=MY2VS8LV9P&amp;S=JCs&amp;C=JC_019743315&amp;T=marc</subfield>
    <subfield code="z">An electronic journal available through full-text database.</subfield>
  </datafield>
  <datafield tag="942" ind1=" " ind2=" ">
    <subfield code="2">ddc</subfield>
    <subfield code="c">PR</subfield>
    <subfield code="s">1</subfield>
  </datafield>
  <datafield tag="999" ind1=" " ind2=" ">
    <subfield code="c">220473</subfield>
    <subfield code="d">220473</subfield>
  </datafield>
  <datafield tag="999" ind1=" " ind2=" ">
    <subfield code="b">03212592</subfield>
  </datafield>
  <datafield tag="952" ind1=" " ind2=" ">
    <subfield code="0">0</subfield>
    <subfield code="1">0</subfield>
    <subfield code="2">ddc</subfield>
    <subfield code="3">2021/176</subfield>
    <subfield code="4">0</subfield>
    <subfield code="7">1</subfield>
    <subfield code="8">MBA</subfield>
    <subfield code="a">AIMIT</subfield>
    <subfield code="b">AIMIT</subfield>
    <subfield code="d">2021-11-09</subfield>
    <subfield code="l">0</subfield>
    <subfield code="r">2021-11-09 00:00:00</subfield>
    <subfield code="w">2021-11-09</subfield>
    <subfield code="y">PR</subfield>
  </datafield>
  <datafield tag="952" ind1=" " ind2=" ">
    <subfield code="0">0</subfield>
    <subfield code="1">0</subfield>
    <subfield code="2">ddc</subfield>
    <subfield code="4">0</subfield>
    <subfield code="7">1</subfield>
    <subfield code="8">MBA</subfield>
    <subfield code="a">AIMIT</subfield>
    <subfield code="b">AIMIT</subfield>
    <subfield code="d">2021-11-18</subfield>
    <subfield code="h">Vol. 62, No. 1</subfield>
    <subfield code="l">0</subfield>
    <subfield code="r">2021-11-18 00:00:00</subfield>
    <subfield code="t">2</subfield>
    <subfield code="w">2021-11-18</subfield>
    <subfield code="y">PR</subfield>
  </datafield>
  <datafield tag="952" ind1=" " ind2=" ">
    <subfield code="0">0</subfield>
    <subfield code="1">0</subfield>
    <subfield code="2">ddc</subfield>
    <subfield code="4">0</subfield>
    <subfield code="7">1</subfield>
    <subfield code="8">MBA</subfield>
    <subfield code="a">AIMIT</subfield>
    <subfield code="b">AIMIT</subfield>
    <subfield code="d">2021-11-18</subfield>
    <subfield code="h">Vol. 62, No. 2</subfield>
    <subfield code="l">0</subfield>
    <subfield code="r">2021-11-18 00:00:00</subfield>
    <subfield code="w">2021-11-18</subfield>
    <subfield code="y">PR</subfield>
  </datafield>
  <datafield tag="952" ind1=" " ind2=" ">
    <subfield code="0">0</subfield>
    <subfield code="1">0</subfield>
    <subfield code="2">ddc</subfield>
    <subfield code="4">0</subfield>
    <subfield code="7">1</subfield>
    <subfield code="8">MBA</subfield>
    <subfield code="a">AIMIT</subfield>
    <subfield code="b">AIMIT</subfield>
    <subfield code="d">2021-11-18</subfield>
    <subfield code="h">Vol. 62, No. 3</subfield>
    <subfield code="l">0</subfield>
    <subfield code="r">2021-11-18 00:00:00</subfield>
    <subfield code="w">2021-11-18</subfield>
    <subfield code="y">PR</subfield>
  </datafield>
  <datafield tag="952" ind1=" " ind2=" ">
    <subfield code="0">0</subfield>
    <subfield code="1">0</subfield>
    <subfield code="2">ddc</subfield>
    <subfield code="4">0</subfield>
    <subfield code="7">1</subfield>
    <subfield code="8">MBA</subfield>
    <subfield code="a">AIMIT</subfield>
    <subfield code="b">AIMIT</subfield>
    <subfield code="d">2021-11-18</subfield>
    <subfield code="h">Vol. 62, No. 3</subfield>
    <subfield code="l">0</subfield>
    <subfield code="r">2021-11-18 00:00:00</subfield>
    <subfield code="w">2021-11-18</subfield>
    <subfield code="y">PR</subfield>
  </datafield>
  <datafield tag="952" ind1=" " ind2=" ">
    <subfield code="0">0</subfield>
    <subfield code="1">0</subfield>
    <subfield code="2">ddc</subfield>
    <subfield code="4">0</subfield>
    <subfield code="7">1</subfield>
    <subfield code="8">MBA</subfield>
    <subfield code="a">AIMIT</subfield>
    <subfield code="b">AIMIT</subfield>
    <subfield code="d">2021-11-18</subfield>
    <subfield code="h">Vol. 62, No. 4</subfield>
    <subfield code="l">0</subfield>
    <subfield code="r">2021-11-18 00:00:00</subfield>
    <subfield code="w">2021-11-18</subfield>
    <subfield code="y">PR</subfield>
  </datafield>
  <datafield tag="952" ind1=" " ind2=" ">
    <subfield code="0">0</subfield>
    <subfield code="1">0</subfield>
    <subfield code="2">ddc</subfield>
    <subfield code="4">0</subfield>
    <subfield code="7">1</subfield>
    <subfield code="8">MBA</subfield>
    <subfield code="a">AIMIT</subfield>
    <subfield code="b">AIMIT</subfield>
    <subfield code="d">2021-11-18</subfield>
    <subfield code="h">Vol. 62, No. 4</subfield>
    <subfield code="l">0</subfield>
    <subfield code="r">2021-11-18 00:00:00</subfield>
    <subfield code="w">2021-11-18</subfield>
    <subfield code="y">PR</subfield>
  </datafield>
  <datafield tag="952" ind1=" " ind2=" ">
    <subfield code="0">0</subfield>
    <subfield code="1">0</subfield>
    <subfield code="2">ddc</subfield>
    <subfield code="4">0</subfield>
    <subfield code="7">1</subfield>
    <subfield code="8">MBA</subfield>
    <subfield code="a">AIMIT</subfield>
    <subfield code="b">AIMIT</subfield>
    <subfield code="d">2021-11-18</subfield>
    <subfield code="h">Vol. 62, No. 5</subfield>
    <subfield code="l">0</subfield>
    <subfield code="r">2021-11-18 00:00:00</subfield>
    <subfield code="w">2021-11-18</subfield>
    <subfield code="y">PR</subfield>
  </datafield>
  <datafield tag="952" ind1=" " ind2=" ">
    <subfield code="0">0</subfield>
    <subfield code="1">0</subfield>
    <subfield code="2">ddc</subfield>
    <subfield code="4">0</subfield>
    <subfield code="7">1</subfield>
    <subfield code="8">MBA</subfield>
    <subfield code="a">AIMIT</subfield>
    <subfield code="b">AIMIT</subfield>
    <subfield code="d">2021-11-18</subfield>
    <subfield code="h">Vol. 62, No. 5</subfield>
    <subfield code="l">0</subfield>
    <subfield code="r">2021-11-18 00:00:00</subfield>
    <subfield code="w">2021-11-18</subfield>
    <subfield code="y">PR</subfield>
  </datafield>
  <datafield tag="952" ind1=" " ind2=" ">
    <subfield code="0">0</subfield>
    <subfield code="1">0</subfield>
    <subfield code="2">ddc</subfield>
    <subfield code="4">0</subfield>
    <subfield code="7">1</subfield>
    <subfield code="8">MBA</subfield>
    <subfield code="a">AIMIT</subfield>
    <subfield code="b">AIMIT</subfield>
    <subfield code="d">2021-11-18</subfield>
    <subfield code="h">Vol. 62, No. 6</subfield>
    <subfield code="l">0</subfield>
    <subfield code="r">2021-11-18 00:00:00</subfield>
    <subfield code="w">2021-11-18</subfield>
    <subfield code="y">PR</subfield>
  </datafield>
  <datafield tag="952" ind1=" " ind2=" ">
    <subfield code="0">0</subfield>
    <subfield code="1">0</subfield>
    <subfield code="2">ddc</subfield>
    <subfield code="4">0</subfield>
    <subfield code="7">1</subfield>
    <subfield code="8">MBA</subfield>
    <subfield code="a">AIMIT</subfield>
    <subfield code="b">AIMIT</subfield>
    <subfield code="d">2021-11-18</subfield>
    <subfield code="h">Vol. 62, No. 6</subfield>
    <subfield code="l">0</subfield>
    <subfield code="r">2021-11-18 00:00:00</subfield>
    <subfield code="w">2021-11-18</subfield>
    <subfield code="y">PR</subfield>
  </datafield>
  <datafield tag="952" ind1=" " ind2=" ">
    <subfield code="0">0</subfield>
    <subfield code="1">0</subfield>
    <subfield code="2">ddc</subfield>
    <subfield code="4">0</subfield>
    <subfield code="7">1</subfield>
    <subfield code="8">MBA</subfield>
    <subfield code="a">AIMIT</subfield>
    <subfield code="b">AIMIT</subfield>
    <subfield code="d">2021-11-18</subfield>
    <subfield code="h">Vol. 62, No. 7</subfield>
    <subfield code="l">0</subfield>
    <subfield code="r">2021-11-18 00:00:00</subfield>
    <subfield code="w">2021-11-18</subfield>
    <subfield code="y">PR</subfield>
  </datafield>
  <datafield tag="952" ind1=" " ind2=" ">
    <subfield code="0">0</subfield>
    <subfield code="1">0</subfield>
    <subfield code="2">ddc</subfield>
    <subfield code="4">0</subfield>
    <subfield code="7">1</subfield>
    <subfield code="8">MBA</subfield>
    <subfield code="a">AIMIT</subfield>
    <subfield code="b">AIMIT</subfield>
    <subfield code="d">2021-11-18</subfield>
    <subfield code="h">Vol. 62, No. 7</subfield>
    <subfield code="l">0</subfield>
    <subfield code="r">2021-11-18 00:00:00</subfield>
    <subfield code="w">2021-11-18</subfield>
    <subfield code="y">PR</subfield>
  </datafield>
  <datafield tag="952" ind1=" " ind2=" ">
    <subfield code="0">0</subfield>
    <subfield code="1">0</subfield>
    <subfield code="2">ddc</subfield>
    <subfield code="4">0</subfield>
    <subfield code="7">1</subfield>
    <subfield code="8">MBA</subfield>
    <subfield code="a">AIMIT</subfield>
    <subfield code="b">AIMIT</subfield>
    <subfield code="d">2021-11-18</subfield>
    <subfield code="h">Vol. 62, No. 8</subfield>
    <subfield code="l">0</subfield>
    <subfield code="r">2021-11-18 00:00:00</subfield>
    <subfield code="w">2021-11-18</subfield>
    <subfield code="y">PR</subfield>
  </datafield>
  <datafield tag="952" ind1=" " ind2=" ">
    <subfield code="0">0</subfield>
    <subfield code="1">0</subfield>
    <subfield code="2">ddc</subfield>
    <subfield code="4">0</subfield>
    <subfield code="7">1</subfield>
    <subfield code="8">MBA</subfield>
    <subfield code="a">AIMIT</subfield>
    <subfield code="b">AIMIT</subfield>
    <subfield code="d">2021-11-18</subfield>
    <subfield code="h">Vol. 62, No. 8</subfield>
    <subfield code="l">0</subfield>
    <subfield code="r">2021-11-18 00:00:00</subfield>
    <subfield code="w">2021-11-18</subfield>
    <subfield code="y">PR</subfield>
  </datafield>
  <datafield tag="952" ind1=" " ind2=" ">
    <subfield code="0">0</subfield>
    <subfield code="1">0</subfield>
    <subfield code="2">ddc</subfield>
    <subfield code="4">0</subfield>
    <subfield code="7">1</subfield>
    <subfield code="8">MBA</subfield>
    <subfield code="a">AIMIT</subfield>
    <subfield code="b">AIMIT</subfield>
    <subfield code="d">2021-11-18</subfield>
    <subfield code="h">Vol. 62, No. 9</subfield>
    <subfield code="l">0</subfield>
    <subfield code="r">2021-11-18 00:00:00</subfield>
    <subfield code="w">2021-11-18</subfield>
    <subfield code="y">PR</subfield>
  </datafield>
  <datafield tag="952" ind1=" " ind2=" ">
    <subfield code="0">0</subfield>
    <subfield code="1">0</subfield>
    <subfield code="2">ddc</subfield>
    <subfield code="4">0</subfield>
    <subfield code="7">1</subfield>
    <subfield code="8">MBA</subfield>
    <subfield code="a">AIMIT</subfield>
    <subfield code="b">AIMIT</subfield>
    <subfield code="d">2021-11-18</subfield>
    <subfield code="h">Vol. 62, No. 10</subfield>
    <subfield code="l">0</subfield>
    <subfield code="r">2021-11-18 00:00:00</subfield>
    <subfield code="w">2021-11-18</subfield>
    <subfield code="y">PR</subfield>
  </datafield>
  <datafield tag="952" ind1=" " ind2=" ">
    <subfield code="0">0</subfield>
    <subfield code="1">0</subfield>
    <subfield code="2">ddc</subfield>
    <subfield code="4">0</subfield>
    <subfield code="7">1</subfield>
    <subfield code="8">MBA</subfield>
    <subfield code="a">AIMIT</subfield>
    <subfield code="b">AIMIT</subfield>
    <subfield code="d">2021-11-18</subfield>
    <subfield code="h">Vol. 62, No. 11</subfield>
    <subfield code="l">0</subfield>
    <subfield code="r">2021-11-18 00:00:00</subfield>
    <subfield code="t">2</subfield>
    <subfield code="w">2021-11-18</subfield>
    <subfield code="y">PR</subfield>
  </datafield>
  <datafield tag="952" ind1=" " ind2=" ">
    <subfield code="0">0</subfield>
    <subfield code="1">0</subfield>
    <subfield code="2">ddc</subfield>
    <subfield code="4">0</subfield>
    <subfield code="7">1</subfield>
    <subfield code="8">MBA</subfield>
    <subfield code="a">AIMIT</subfield>
    <subfield code="b">AIMIT</subfield>
    <subfield code="d">2021-12-28</subfield>
    <subfield code="h">Vol. 62, No. 12</subfield>
    <subfield code="l">0</subfield>
    <subfield code="r">2021-12-28 00:00:00</subfield>
    <subfield code="w">2021-12-28</subfield>
    <subfield code="y">PR</subfield>
  </datafield>
  <datafield tag="952" ind1=" " ind2=" ">
    <subfield code="0">0</subfield>
    <subfield code="1">0</subfield>
    <subfield code="2">ddc</subfield>
    <subfield code="4">0</subfield>
    <subfield code="7">1</subfield>
    <subfield code="8">MBA</subfield>
    <subfield code="a">AIMIT</subfield>
    <subfield code="b">AIMIT</subfield>
    <subfield code="d">2022-01-03</subfield>
    <subfield code="h">Subscriber copy</subfield>
    <subfield code="l">0</subfield>
    <subfield code="r">2022-01-03 00:00:00</subfield>
    <subfield code="w">2022-01-03</subfield>
    <subfield code="y">PR</subfield>
  </datafield>
  <datafield tag="952" ind1=" " ind2=" ">
    <subfield code="0">0</subfield>
    <subfield code="1">0</subfield>
    <subfield code="2">ddc</subfield>
    <subfield code="4">0</subfield>
    <subfield code="7">1</subfield>
    <subfield code="8">MBA</subfield>
    <subfield code="a">AIMIT</subfield>
    <subfield code="b">AIMIT</subfield>
    <subfield code="d">2022-01-18</subfield>
    <subfield code="h">Vol. 63, No. 1</subfield>
    <subfield code="l">0</subfield>
    <subfield code="r">2022-01-18 00:00:00</subfield>
    <subfield code="w">2022-01-18</subfield>
    <subfield code="y">PR</subfield>
  </datafield>
  <datafield tag="952" ind1=" " ind2=" ">
    <subfield code="0">0</subfield>
    <subfield code="1">0</subfield>
    <subfield code="2">ddc</subfield>
    <subfield code="4">0</subfield>
    <subfield code="7">0</subfield>
    <subfield code="a">AL</subfield>
    <subfield code="b">AL</subfield>
    <subfield code="c">PS</subfield>
    <subfield code="d">2022-02-18</subfield>
    <subfield code="h">Vol. 63, No. 1</subfield>
    <subfield code="l">0</subfield>
    <subfield code="p">REA6302</subfield>
    <subfield code="r">2022-02-18 00:00:00</subfield>
    <subfield code="w">2022-02-18</subfield>
    <subfield code="y">PR</subfield>
  </datafield>
  <datafield tag="952" ind1=" " ind2=" ">
    <subfield code="0">0</subfield>
    <subfield code="1">0</subfield>
    <subfield code="2">ddc</subfield>
    <subfield code="4">0</subfield>
    <subfield code="7">1</subfield>
    <subfield code="8">MBA</subfield>
    <subfield code="a">AIMIT</subfield>
    <subfield code="b">AIMIT</subfield>
    <subfield code="d">2022-02-18</subfield>
    <subfield code="h">Vol. 62, No. 12</subfield>
    <subfield code="l">0</subfield>
    <subfield code="r">2022-02-18 00:00:00</subfield>
    <subfield code="w">2022-02-18</subfield>
    <subfield code="y">PR</subfield>
  </datafield>
  <datafield tag="952" ind1=" " ind2=" ">
    <subfield code="0">0</subfield>
    <subfield code="1">0</subfield>
    <subfield code="2">ddc</subfield>
    <subfield code="4">0</subfield>
    <subfield code="7">1</subfield>
    <subfield code="8">MBA</subfield>
    <subfield code="a">AIMIT</subfield>
    <subfield code="b">AIMIT</subfield>
    <subfield code="d">2022-02-18</subfield>
    <subfield code="h">Vol. 63, No. 2</subfield>
    <subfield code="l">0</subfield>
    <subfield code="r">2022-02-18 00:00:00</subfield>
    <subfield code="w">2022-02-18</subfield>
    <subfield code="y">PR</subfield>
  </datafield>
  <datafield tag="952" ind1=" " ind2=" ">
    <subfield code="0">0</subfield>
    <subfield code="1">0</subfield>
    <subfield code="2">ddc</subfield>
    <subfield code="4">0</subfield>
    <subfield code="7">1</subfield>
    <subfield code="8">MBA</subfield>
    <subfield code="a">AIMIT</subfield>
    <subfield code="b">AIMIT</subfield>
    <subfield code="d">2022-03-03</subfield>
    <subfield code="h">Anniversary issue</subfield>
    <subfield code="l">0</subfield>
    <subfield code="r">2022-03-03 00:00:00</subfield>
    <subfield code="w">2022-03-03</subfield>
    <subfield code="y">PR</subfield>
  </datafield>
  <datafield tag="952" ind1=" " ind2=" ">
    <subfield code="0">0</subfield>
    <subfield code="1">0</subfield>
    <subfield code="2">ddc</subfield>
    <subfield code="4">0</subfield>
    <subfield code="7">1</subfield>
    <subfield code="8">MBA</subfield>
    <subfield code="a">AIMIT</subfield>
    <subfield code="b">AIMIT</subfield>
    <subfield code="d">2022-03-15</subfield>
    <subfield code="h">Vol. 63, No. 3</subfield>
    <subfield code="l">0</subfield>
    <subfield code="r">2022-03-15 00:00:00</subfield>
    <subfield code="w">2022-03-15</subfield>
    <subfield code="y">PR</subfield>
  </datafield>
  <datafield tag="952" ind1=" " ind2=" ">
    <subfield code="0">0</subfield>
    <subfield code="1">0</subfield>
    <subfield code="2">ddc</subfield>
    <subfield code="4">0</subfield>
    <subfield code="7">0</subfield>
    <subfield code="a">AL</subfield>
    <subfield code="b">AL</subfield>
    <subfield code="c">PS</subfield>
    <subfield code="d">2022-03-17</subfield>
    <subfield code="h">Vol. 63, No. 3</subfield>
    <subfield code="l">0</subfield>
    <subfield code="p">REA6303</subfield>
    <subfield code="r">2022-03-17 00:00:00</subfield>
    <subfield code="w">2022-03-17</subfield>
    <subfield code="y">PR</subfield>
  </datafield>
  <datafield tag="952" ind1=" " ind2=" ">
    <subfield code="0">0</subfield>
    <subfield code="1">0</subfield>
    <subfield code="2">ddc</subfield>
    <subfield code="4">0</subfield>
    <subfield code="7">1</subfield>
    <subfield code="8">MBA</subfield>
    <subfield code="a">AIMIT</subfield>
    <subfield code="b">AIMIT</subfield>
    <subfield code="d">2022-03-18</subfield>
    <subfield code="h">Vol. 62, No. 10</subfield>
    <subfield code="l">0</subfield>
    <subfield code="r">2022-03-18 00:00:00</subfield>
    <subfield code="w">2022-03-18</subfield>
    <subfield code="y">PR</subfield>
  </datafield>
  <datafield tag="952" ind1=" " ind2=" ">
    <subfield code="0">0</subfield>
    <subfield code="1">0</subfield>
    <subfield code="2">ddc</subfield>
    <subfield code="4">0</subfield>
    <subfield code="7">1</subfield>
    <subfield code="8">MBA</subfield>
    <subfield code="a">AIMIT</subfield>
    <subfield code="b">AIMIT</subfield>
    <subfield code="d">2022-04-18</subfield>
    <subfield code="h">Vol. 63, No. 4</subfield>
    <subfield code="l">0</subfield>
    <subfield code="r">2022-04-18 00:00:00</subfield>
    <subfield code="w">2022-04-18</subfield>
    <subfield code="y">PR</subfield>
  </datafield>
  <datafield tag="952" ind1=" " ind2=" ">
    <subfield code="0">0</subfield>
    <subfield code="1">0</subfield>
    <subfield code="2">ddc</subfield>
    <subfield code="4">0</subfield>
    <subfield code="7">0</subfield>
    <subfield code="a">AL</subfield>
    <subfield code="b">AL</subfield>
    <subfield code="c">PS</subfield>
    <subfield code="d">2022-04-20</subfield>
    <subfield code="h">Vol. 63, No. 4</subfield>
    <subfield code="l">0</subfield>
    <subfield code="p">REA6304</subfield>
    <subfield code="r">2022-04-20 00:00:00</subfield>
    <subfield code="w">2022-04-20</subfield>
    <subfield code="y">PR</subfield>
  </datafield>
  <datafield tag="952" ind1=" " ind2=" ">
    <subfield code="0">0</subfield>
    <subfield code="1">0</subfield>
    <subfield code="2">ddc</subfield>
    <subfield code="4">0</subfield>
    <subfield code="7">0</subfield>
    <subfield code="a">AIMIT</subfield>
    <subfield code="b">AIMIT</subfield>
    <subfield code="d">2022-05-19</subfield>
    <subfield code="h">Vol. 63, No.5</subfield>
    <subfield code="l">0</subfield>
    <subfield code="r">2022-05-19 00:00:00</subfield>
    <subfield code="w">2022-05-19</subfield>
    <subfield code="y">PR</subfield>
  </datafield>
  <datafield tag="952" ind1=" " ind2=" ">
    <subfield code="0">0</subfield>
    <subfield code="1">0</subfield>
    <subfield code="2">ddc</subfield>
    <subfield code="4">0</subfield>
    <subfield code="7">0</subfield>
    <subfield code="a">AL</subfield>
    <subfield code="b">AL</subfield>
    <subfield code="c">PS</subfield>
    <subfield code="d">2022-05-24</subfield>
    <subfield code="h">Vol. 63, No. 5</subfield>
    <subfield code="l">0</subfield>
    <subfield code="p">REA6305</subfield>
    <subfield code="r">2022-05-24 00:00:00</subfield>
    <subfield code="w">2022-05-24</subfield>
    <subfield code="y">PR</subfield>
  </datafield>
  <datafield tag="952" ind1=" " ind2=" ">
    <subfield code="0">0</subfield>
    <subfield code="1">0</subfield>
    <subfield code="2">ddc</subfield>
    <subfield code="4">0</subfield>
    <subfield code="7">1</subfield>
    <subfield code="8">MBA</subfield>
    <subfield code="a">AIMIT</subfield>
    <subfield code="b">AIMIT</subfield>
    <subfield code="d">2022-06-22</subfield>
    <subfield code="h">Vol. 63, No. 6</subfield>
    <subfield code="l">0</subfield>
    <subfield code="r">2022-06-22 00:00:00</subfield>
    <subfield code="w">2022-06-22</subfield>
    <subfield code="y">PR</subfield>
  </datafield>
  <datafield tag="952" ind1=" " ind2=" ">
    <subfield code="0">0</subfield>
    <subfield code="1">0</subfield>
    <subfield code="2">ddc</subfield>
    <subfield code="4">0</subfield>
    <subfield code="7">0</subfield>
    <subfield code="a">AL</subfield>
    <subfield code="b">AL</subfield>
    <subfield code="c">PS</subfield>
    <subfield code="d">2022-06-25</subfield>
    <subfield code="h">Vol. 63, No. 6</subfield>
    <subfield code="l">0</subfield>
    <subfield code="p">REA6306</subfield>
    <subfield code="r">2022-06-25 00:00:00</subfield>
    <subfield code="w">2022-06-25</subfield>
    <subfield code="y">PR</subfield>
  </datafield>
  <datafield tag="952" ind1=" " ind2=" ">
    <subfield code="0">0</subfield>
    <subfield code="1">0</subfield>
    <subfield code="2">ddc</subfield>
    <subfield code="4">0</subfield>
    <subfield code="7">1</subfield>
    <subfield code="8">MBA</subfield>
    <subfield code="a">AIMIT</subfield>
    <subfield code="b">AIMIT</subfield>
    <subfield code="d">2022-07-21</subfield>
    <subfield code="h">Vol. 63, No. 7</subfield>
    <subfield code="l">0</subfield>
    <subfield code="r">2022-07-21 00:00:00</subfield>
    <subfield code="w">2022-07-21</subfield>
    <subfield code="y">PR</subfield>
  </datafield>
  <datafield tag="952" ind1=" " ind2=" ">
    <subfield code="0">0</subfield>
    <subfield code="1">0</subfield>
    <subfield code="2">ddc</subfield>
    <subfield code="4">0</subfield>
    <subfield code="7">0</subfield>
    <subfield code="a">AL</subfield>
    <subfield code="b">AL</subfield>
    <subfield code="c">PS</subfield>
    <subfield code="d">2022-07-25</subfield>
    <subfield code="h">Vol. 63, No. 7</subfield>
    <subfield code="l">0</subfield>
    <subfield code="p">REA6307</subfield>
    <subfield code="r">2022-07-25 00:00:00</subfield>
    <subfield code="w">2022-07-25</subfield>
    <subfield code="y">PR</subfield>
  </datafield>
  <datafield tag="952" ind1=" " ind2=" ">
    <subfield code="0">0</subfield>
    <subfield code="1">0</subfield>
    <subfield code="2">ddc</subfield>
    <subfield code="4">0</subfield>
    <subfield code="7">0</subfield>
    <subfield code="a">AL</subfield>
    <subfield code="b">AL</subfield>
    <subfield code="c">PS</subfield>
    <subfield code="d">2022-08-17</subfield>
    <subfield code="h">Vol. 63, No. 8</subfield>
    <subfield code="l">0</subfield>
    <subfield code="p">REA6308</subfield>
    <subfield code="r">2022-08-17 00:00:00</subfield>
    <subfield code="w">2022-08-17</subfield>
    <subfield code="y">PR</subfield>
  </datafield>
  <datafield tag="952" ind1=" " ind2=" ">
    <subfield code="0">0</subfield>
    <subfield code="1">0</subfield>
    <subfield code="2">ddc</subfield>
    <subfield code="4">0</subfield>
    <subfield code="7">1</subfield>
    <subfield code="8">MBA</subfield>
    <subfield code="a">AIMIT</subfield>
    <subfield code="b">AIMIT</subfield>
    <subfield code="d">2022-08-22</subfield>
    <subfield code="h">Vol. 63, No. 8</subfield>
    <subfield code="l">0</subfield>
    <subfield code="r">2022-08-22 00:00:00</subfield>
    <subfield code="w">2022-08-22</subfield>
    <subfield code="y">PR</subfield>
  </datafield>
  <datafield tag="952" ind1=" " ind2=" ">
    <subfield code="0">0</subfield>
    <subfield code="1">0</subfield>
    <subfield code="2">ddc</subfield>
    <subfield code="4">0</subfield>
    <subfield code="7">0</subfield>
    <subfield code="a">AL</subfield>
    <subfield code="b">AL</subfield>
    <subfield code="c">PS</subfield>
    <subfield code="d">2022-09-22</subfield>
    <subfield code="h">Vol. 63, No. 9</subfield>
    <subfield code="l">0</subfield>
    <subfield code="p">REA6309</subfield>
    <subfield code="r">2022-09-22 00:00:00</subfield>
    <subfield code="w">2022-09-22</subfield>
    <subfield code="y">PR</subfield>
  </datafield>
  <datafield tag="952" ind1=" " ind2=" ">
    <subfield code="0">0</subfield>
    <subfield code="1">0</subfield>
    <subfield code="2">ddc</subfield>
    <subfield code="4">0</subfield>
    <subfield code="7">1</subfield>
    <subfield code="8">MBA</subfield>
    <subfield code="a">AIMIT</subfield>
    <subfield code="b">AIMIT</subfield>
    <subfield code="d">2022-09-24</subfield>
    <subfield code="h">Vol. 63, No. 9</subfield>
    <subfield code="l">0</subfield>
    <subfield code="r">2022-09-24 00:00:00</subfield>
    <subfield code="w">2022-09-24</subfield>
    <subfield code="y">PR</subfield>
  </datafield>
  <datafield tag="952" ind1=" " ind2=" ">
    <subfield code="0">0</subfield>
    <subfield code="1">0</subfield>
    <subfield code="2">ddc</subfield>
    <subfield code="4">0</subfield>
    <subfield code="7">1</subfield>
    <subfield code="a">AL</subfield>
    <subfield code="b">AL</subfield>
    <subfield code="c">PS</subfield>
    <subfield code="d">2022-10-15</subfield>
    <subfield code="h">Vol. 63, No. 10</subfield>
    <subfield code="l">0</subfield>
    <subfield code="p">REA6310</subfield>
    <subfield code="r">2022-10-15 00:00:00</subfield>
    <subfield code="w">2022-10-15</subfield>
    <subfield code="y">PR</subfield>
  </datafield>
  <datafield tag="952" ind1=" " ind2=" ">
    <subfield code="0">0</subfield>
    <subfield code="1">0</subfield>
    <subfield code="2">ddc</subfield>
    <subfield code="4">0</subfield>
    <subfield code="7">1</subfield>
    <subfield code="8">MBA</subfield>
    <subfield code="a">AIMIT</subfield>
    <subfield code="b">AIMIT</subfield>
    <subfield code="d">2022-10-27</subfield>
    <subfield code="h">Vol. 63, No. 10</subfield>
    <subfield code="l">0</subfield>
    <subfield code="r">2022-10-27 00:00:00</subfield>
    <subfield code="w">2022-10-27</subfield>
    <subfield code="y">PR</subfield>
  </datafield>
  <datafield tag="952" ind1=" " ind2=" ">
    <subfield code="0">0</subfield>
    <subfield code="1">0</subfield>
    <subfield code="2">ddc</subfield>
    <subfield code="4">0</subfield>
    <subfield code="7">1</subfield>
    <subfield code="8">MBA</subfield>
    <subfield code="a">AIMIT</subfield>
    <subfield code="b">AIMIT</subfield>
    <subfield code="d">2022-11-15</subfield>
    <subfield code="h">Vol. 63, No. 11</subfield>
    <subfield code="l">0</subfield>
    <subfield code="r">2022-11-15 00:00:00</subfield>
    <subfield code="w">2022-11-15</subfield>
    <subfield code="y">PR</subfield>
  </datafield>
  <datafield tag="952" ind1=" " ind2=" ">
    <subfield code="0">0</subfield>
    <subfield code="1">0</subfield>
    <subfield code="2">ddc</subfield>
    <subfield code="4">0</subfield>
    <subfield code="7">0</subfield>
    <subfield code="a">AL</subfield>
    <subfield code="b">AL</subfield>
    <subfield code="c">PS</subfield>
    <subfield code="d">2022-11-16</subfield>
    <subfield code="h">Vol. 63, No. 11</subfield>
    <subfield code="l">0</subfield>
    <subfield code="p">REA6311</subfield>
    <subfield code="r">2022-11-16 00:00:00</subfield>
    <subfield code="w">2022-11-16</subfield>
    <subfield code="y">PR</subfield>
  </datafield>
  <datafield tag="952" ind1=" " ind2=" ">
    <subfield code="0">0</subfield>
    <subfield code="1">0</subfield>
    <subfield code="2">ddc</subfield>
    <subfield code="4">0</subfield>
    <subfield code="7">1</subfield>
    <subfield code="8">MBA</subfield>
    <subfield code="a">AIMIT</subfield>
    <subfield code="b">AIMIT</subfield>
    <subfield code="d">2022-12-22</subfield>
    <subfield code="h">Vol. 63, No. 12</subfield>
    <subfield code="l">0</subfield>
    <subfield code="r">2022-12-22 00:00:00</subfield>
    <subfield code="w">2022-12-22</subfield>
    <subfield code="y">PR</subfield>
  </datafield>
  <datafield tag="952" ind1=" " ind2=" ">
    <subfield code="0">0</subfield>
    <subfield code="1">0</subfield>
    <subfield code="2">ddc</subfield>
    <subfield code="4">0</subfield>
    <subfield code="7">1</subfield>
    <subfield code="8">MBA</subfield>
    <subfield code="a">AIMIT</subfield>
    <subfield code="b">AIMIT</subfield>
    <subfield code="d">2023-01-19</subfield>
    <subfield code="h">Vol. 64, No. 1</subfield>
    <subfield code="l">0</subfield>
    <subfield code="r">2023-01-19 00:00:00</subfield>
    <subfield code="w">2023-01-19</subfield>
    <subfield code="y">PR</subfield>
  </datafield>
  <datafield tag="952" ind1=" " ind2=" ">
    <subfield code="0">0</subfield>
    <subfield code="1">0</subfield>
    <subfield code="2">ddc</subfield>
    <subfield code="4">0</subfield>
    <subfield code="7">1</subfield>
    <subfield code="8">MBA</subfield>
    <subfield code="a">AIMIT</subfield>
    <subfield code="b">AIMIT</subfield>
    <subfield code="d">2023-02-20</subfield>
    <subfield code="h">Vol. 64, No. 2</subfield>
    <subfield code="l">0</subfield>
    <subfield code="r">2023-02-20 00:00:00</subfield>
    <subfield code="w">2023-02-20</subfield>
    <subfield code="y">PR</subfield>
  </datafield>
  <datafield tag="952" ind1=" " ind2=" ">
    <subfield code="0">0</subfield>
    <subfield code="1">0</subfield>
    <subfield code="2">ddc</subfield>
    <subfield code="4">0</subfield>
    <subfield code="7">0</subfield>
    <subfield code="a">AL</subfield>
    <subfield code="b">AL</subfield>
    <subfield code="c">PS</subfield>
    <subfield code="d">2023-04-03</subfield>
    <subfield code="h">Vol. 64, No. 3</subfield>
    <subfield code="l">0</subfield>
    <subfield code="p">REA6403</subfield>
    <subfield code="r">2023-04-03 00:00:00</subfield>
    <subfield code="w">2023-04-03</subfield>
    <subfield code="y">PR</subfield>
  </datafield>
  <datafield tag="952" ind1=" " ind2=" ">
    <subfield code="0">0</subfield>
    <subfield code="1">0</subfield>
    <subfield code="2">ddc</subfield>
    <subfield code="4">0</subfield>
    <subfield code="7">0</subfield>
    <subfield code="a">AL</subfield>
    <subfield code="b">AL</subfield>
    <subfield code="c">PS</subfield>
    <subfield code="d">2023-04-26</subfield>
    <subfield code="h">Vol. 64, No. 4</subfield>
    <subfield code="l">0</subfield>
    <subfield code="p">REA6404</subfield>
    <subfield code="r">2023-04-26 00:00:00</subfield>
    <subfield code="w">2023-04-26</subfield>
    <subfield code="y">PR</subfield>
  </datafield>
  <datafield tag="952" ind1=" " ind2=" ">
    <subfield code="0">0</subfield>
    <subfield code="1">0</subfield>
    <subfield code="2">ddc</subfield>
    <subfield code="4">0</subfield>
    <subfield code="7">1</subfield>
    <subfield code="8">MBA</subfield>
    <subfield code="a">AIMIT</subfield>
    <subfield code="b">AIMIT</subfield>
    <subfield code="d">2023-05-17</subfield>
    <subfield code="h">Vol. 64, No. 5</subfield>
    <subfield code="l">0</subfield>
    <subfield code="r">2023-05-17 00:00:00</subfield>
    <subfield code="w">2023-05-17</subfield>
    <subfield code="y">PR</subfield>
  </datafield>
  <datafield tag="952" ind1=" " ind2=" ">
    <subfield code="0">0</subfield>
    <subfield code="1">0</subfield>
    <subfield code="2">ddc</subfield>
    <subfield code="4">0</subfield>
    <subfield code="7">0</subfield>
    <subfield code="a">AL</subfield>
    <subfield code="b">AL</subfield>
    <subfield code="c">PS</subfield>
    <subfield code="d">2023-05-17</subfield>
    <subfield code="h">Vol. 64, No. 5</subfield>
    <subfield code="l">0</subfield>
    <subfield code="p">REA6405</subfield>
    <subfield code="r">2023-05-18 00:00:00</subfield>
    <subfield code="w">2023-05-18</subfield>
    <subfield code="y">PR</subfield>
  </datafield>
  <datafield tag="952" ind1=" " ind2=" ">
    <subfield code="0">0</subfield>
    <subfield code="1">0</subfield>
    <subfield code="2">ddc</subfield>
    <subfield code="4">0</subfield>
    <subfield code="7">1</subfield>
    <subfield code="8">MBA</subfield>
    <subfield code="a">AIMIT</subfield>
    <subfield code="b">AIMIT</subfield>
    <subfield code="d">2023-06-20</subfield>
    <subfield code="h">Vol. 64, No. 6</subfield>
    <subfield code="l">0</subfield>
    <subfield code="r">2023-06-20 00:00:00</subfield>
    <subfield code="w">2023-06-20</subfield>
    <subfield code="y">PR</subfield>
  </datafield>
  <datafield tag="952" ind1=" " ind2=" ">
    <subfield code="0">0</subfield>
    <subfield code="1">0</subfield>
    <subfield code="2">ddc</subfield>
    <subfield code="4">0</subfield>
    <subfield code="7">0</subfield>
    <subfield code="a">AL</subfield>
    <subfield code="b">AL</subfield>
    <subfield code="c">PS</subfield>
    <subfield code="d">2023-06-24</subfield>
    <subfield code="h">Vol. 64, No. 6</subfield>
    <subfield code="l">0</subfield>
    <subfield code="p">REA6406</subfield>
    <subfield code="r">2023-06-28 00:00:00</subfield>
    <subfield code="w">2023-06-28</subfield>
    <subfield code="y">PR</subfield>
  </datafield>
  <datafield tag="952" ind1=" " ind2=" ">
    <subfield code="0">0</subfield>
    <subfield code="1">0</subfield>
    <subfield code="2">ddc</subfield>
    <subfield code="4">0</subfield>
    <subfield code="7">1</subfield>
    <subfield code="8">MBA</subfield>
    <subfield code="a">AIMIT</subfield>
    <subfield code="b">AIMIT</subfield>
    <subfield code="d">2023-07-18</subfield>
    <subfield code="h">Vol. 64, No. 7</subfield>
    <subfield code="l">0</subfield>
    <subfield code="r">2023-07-18 00:00:00</subfield>
    <subfield code="w">2023-07-18</subfield>
    <subfield code="y">PR</subfield>
  </datafield>
  <datafield tag="952" ind1=" " ind2=" ">
    <subfield code="0">0</subfield>
    <subfield code="1">0</subfield>
    <subfield code="2">ddc</subfield>
    <subfield code="4">0</subfield>
    <subfield code="7">0</subfield>
    <subfield code="a">AL</subfield>
    <subfield code="b">AL</subfield>
    <subfield code="c">PS</subfield>
    <subfield code="d">2023-07-20</subfield>
    <subfield code="h">Vol. 64, No. 7</subfield>
    <subfield code="l">0</subfield>
    <subfield code="p">REA6407</subfield>
    <subfield code="r">2023-07-26 00:00:00</subfield>
    <subfield code="w">2023-07-26</subfield>
    <subfield code="y">PR</subfield>
  </datafield>
  <datafield tag="952" ind1=" " ind2=" ">
    <subfield code="0">0</subfield>
    <subfield code="1">0</subfield>
    <subfield code="2">ddc</subfield>
    <subfield code="4">0</subfield>
    <subfield code="7">0</subfield>
    <subfield code="a">AL</subfield>
    <subfield code="b">AL</subfield>
    <subfield code="c">PS</subfield>
    <subfield code="d">2023-08-21</subfield>
    <subfield code="h">Vol. 64, No. 8</subfield>
    <subfield code="l">0</subfield>
    <subfield code="r">2023-08-21 00:00:00</subfield>
    <subfield code="w">2023-08-21</subfield>
    <subfield code="y">PR</subfield>
  </datafield>
  <datafield tag="952" ind1=" " ind2=" ">
    <subfield code="0">0</subfield>
    <subfield code="1">0</subfield>
    <subfield code="2">ddc</subfield>
    <subfield code="4">0</subfield>
    <subfield code="7">1</subfield>
    <subfield code="8">MBA</subfield>
    <subfield code="a">AIMIT</subfield>
    <subfield code="b">AIMIT</subfield>
    <subfield code="d">2023-08-22</subfield>
    <subfield code="h">Vol. 64, No. 08</subfield>
    <subfield code="l">0</subfield>
    <subfield code="r">2023-08-22 00:00:00</subfield>
    <subfield code="w">2023-08-22</subfield>
    <subfield code="y">PR</subfield>
  </datafield>
  <datafield tag="952" ind1=" " ind2=" ">
    <subfield code="0">0</subfield>
    <subfield code="1">0</subfield>
    <subfield code="2">ddc</subfield>
    <subfield code="4">0</subfield>
    <subfield code="7">1</subfield>
    <subfield code="8">MBA</subfield>
    <subfield code="a">AIMIT</subfield>
    <subfield code="b">AIMIT</subfield>
    <subfield code="d">2023-10-03</subfield>
    <subfield code="h">Vol. 64, No. 9</subfield>
    <subfield code="l">0</subfield>
    <subfield code="r">2023-10-03 00:00:00</subfield>
    <subfield code="w">2023-10-03</subfield>
    <subfield code="y">PR</subfield>
  </datafield>
  <datafield tag="952" ind1=" " ind2=" ">
    <subfield code="0">0</subfield>
    <subfield code="1">0</subfield>
    <subfield code="2">ddc</subfield>
    <subfield code="4">0</subfield>
    <subfield code="7">0</subfield>
    <subfield code="a">AL</subfield>
    <subfield code="b">AL</subfield>
    <subfield code="c">PS</subfield>
    <subfield code="d">2023-10-05</subfield>
    <subfield code="h">Vol. 64, No. 9</subfield>
    <subfield code="l">0</subfield>
    <subfield code="r">2023-10-05 00:00:00</subfield>
    <subfield code="w">2023-10-05</subfield>
    <subfield code="y">PR</subfield>
  </datafield>
  <datafield tag="952" ind1=" " ind2=" ">
    <subfield code="0">0</subfield>
    <subfield code="1">0</subfield>
    <subfield code="2">ddc</subfield>
    <subfield code="4">0</subfield>
    <subfield code="7">0</subfield>
    <subfield code="a">AL</subfield>
    <subfield code="b">AL</subfield>
    <subfield code="c">PS</subfield>
    <subfield code="d">2023-10-18</subfield>
    <subfield code="h">Vol. 64, No. 10</subfield>
    <subfield code="l">0</subfield>
    <subfield code="r">2023-10-18 00:00:00</subfield>
    <subfield code="w">2023-10-18</subfield>
    <subfield code="y">PR</subfield>
  </datafield>
  <datafield tag="952" ind1=" " ind2=" ">
    <subfield code="0">0</subfield>
    <subfield code="1">0</subfield>
    <subfield code="2">ddc</subfield>
    <subfield code="4">0</subfield>
    <subfield code="7">1</subfield>
    <subfield code="8">MBA</subfield>
    <subfield code="a">AIMIT</subfield>
    <subfield code="b">AIMIT</subfield>
    <subfield code="d">2023-10-18</subfield>
    <subfield code="h">Vol. 64, No. 10</subfield>
    <subfield code="l">0</subfield>
    <subfield code="r">2023-10-18 00:00:00</subfield>
    <subfield code="w">2023-10-18</subfield>
    <subfield code="y">PR</subfield>
  </datafield>
  <datafield tag="952" ind1=" " ind2=" ">
    <subfield code="0">0</subfield>
    <subfield code="1">0</subfield>
    <subfield code="2">ddc</subfield>
    <subfield code="4">0</subfield>
    <subfield code="7">0</subfield>
    <subfield code="a">AL</subfield>
    <subfield code="b">AL</subfield>
    <subfield code="c">PS</subfield>
    <subfield code="d">2023-11-20</subfield>
    <subfield code="h">Vol. 64, No. 11</subfield>
    <subfield code="l">0</subfield>
    <subfield code="r">2023-11-20 00:00:00</subfield>
    <subfield code="w">2023-11-20</subfield>
    <subfield code="y">PR</subfield>
  </datafield>
  <datafield tag="952" ind1=" " ind2=" ">
    <subfield code="0">0</subfield>
    <subfield code="1">0</subfield>
    <subfield code="2">ddc</subfield>
    <subfield code="4">0</subfield>
    <subfield code="7">1</subfield>
    <subfield code="8">MBA</subfield>
    <subfield code="a">AIMIT</subfield>
    <subfield code="b">AIMIT</subfield>
    <subfield code="d">2023-11-20</subfield>
    <subfield code="h">Vol. 64, No. 11</subfield>
    <subfield code="l">0</subfield>
    <subfield code="r">2023-11-20 00:00:00</subfield>
    <subfield code="w">2023-11-20</subfield>
    <subfield code="y">PR</subfield>
  </datafield>
  <datafield tag="952" ind1=" " ind2=" ">
    <subfield code="0">0</subfield>
    <subfield code="1">0</subfield>
    <subfield code="2">ddc</subfield>
    <subfield code="4">0</subfield>
    <subfield code="7">0</subfield>
    <subfield code="a">AL</subfield>
    <subfield code="b">AL</subfield>
    <subfield code="c">PS</subfield>
    <subfield code="d">2023-12-29</subfield>
    <subfield code="h">Vol. 64, No. 12</subfield>
    <subfield code="l">0</subfield>
    <subfield code="r">2023-12-29 00:00:00</subfield>
    <subfield code="w">2023-12-29</subfield>
    <subfield code="y">PR</subfield>
  </datafield>
  <datafield tag="952" ind1=" " ind2=" ">
    <subfield code="0">0</subfield>
    <subfield code="1">0</subfield>
    <subfield code="2">ddc</subfield>
    <subfield code="4">0</subfield>
    <subfield code="7">1</subfield>
    <subfield code="8">MBA</subfield>
    <subfield code="a">AIMIT</subfield>
    <subfield code="b">AIMIT</subfield>
    <subfield code="d">2024-01-04</subfield>
    <subfield code="h">Vol. 64, No. 12</subfield>
    <subfield code="l">0</subfield>
    <subfield code="r">2024-01-04 00:00:00</subfield>
    <subfield code="w">2024-01-04</subfield>
    <subfield code="y">PR</subfield>
  </datafield>
  <datafield tag="952" ind1=" " ind2=" ">
    <subfield code="0">0</subfield>
    <subfield code="1">0</subfield>
    <subfield code="2">ddc</subfield>
    <subfield code="4">0</subfield>
    <subfield code="7">1</subfield>
    <subfield code="8">MBA</subfield>
    <subfield code="a">AIMIT</subfield>
    <subfield code="b">AIMIT</subfield>
    <subfield code="d">2024-01-16</subfield>
    <subfield code="h">Vol. 65, No. 01</subfield>
    <subfield code="l">0</subfield>
    <subfield code="r">2024-01-16 00:00:00</subfield>
    <subfield code="w">2024-01-16</subfield>
    <subfield code="y">PR</subfield>
  </datafield>
  <datafield tag="952" ind1=" " ind2=" ">
    <subfield code="0">0</subfield>
    <subfield code="1">0</subfield>
    <subfield code="2">ddc</subfield>
    <subfield code="4">0</subfield>
    <subfield code="7">1</subfield>
    <subfield code="8">MBA</subfield>
    <subfield code="a">AIMIT</subfield>
    <subfield code="b">AIMIT</subfield>
    <subfield code="d">2024-03-14</subfield>
    <subfield code="h">Vol. 65, No. 03</subfield>
    <subfield code="l">0</subfield>
    <subfield code="r">2024-03-14 00:00:00</subfield>
    <subfield code="w">2024-03-14</subfield>
    <subfield code="y">PR</subfield>
  </datafield>
  <datafield tag="952" ind1=" " ind2=" ">
    <subfield code="0">0</subfield>
    <subfield code="1">0</subfield>
    <subfield code="2">ddc</subfield>
    <subfield code="4">0</subfield>
    <subfield code="7">1</subfield>
    <subfield code="8">MBA</subfield>
    <subfield code="a">AIMIT</subfield>
    <subfield code="b">AIMIT</subfield>
    <subfield code="d">2024-04-15</subfield>
    <subfield code="h">Vol. 65, No. 4</subfield>
    <subfield code="l">0</subfield>
    <subfield code="r">2024-04-15 00:00:00</subfield>
    <subfield code="w">2024-04-15</subfield>
    <subfield code="y">PR</subfield>
  </datafield>
  <datafield tag="952" ind1=" " ind2=" ">
    <subfield code="0">0</subfield>
    <subfield code="1">0</subfield>
    <subfield code="2">ddc</subfield>
    <subfield code="4">0</subfield>
    <subfield code="7">1</subfield>
    <subfield code="8">MBA</subfield>
    <subfield code="a">AIMIT</subfield>
    <subfield code="b">AIMIT</subfield>
    <subfield code="c">PER</subfield>
    <subfield code="d">2024-11-21</subfield>
    <subfield code="h">Vol. 65, No. 11</subfield>
    <subfield code="l">0</subfield>
    <subfield code="r">2024-11-21 00:00:00</subfield>
    <subfield code="w">2024-11-21</subfield>
    <subfield code="y">PR</subfield>
  </datafield>
  <datafield tag="952" ind1=" " ind2=" ">
    <subfield code="0">0</subfield>
    <subfield code="1">0</subfield>
    <subfield code="2">ddc</subfield>
    <subfield code="4">0</subfield>
    <subfield code="7">1</subfield>
    <subfield code="8">MBA</subfield>
    <subfield code="a">AIMIT</subfield>
    <subfield code="b">AIMIT</subfield>
    <subfield code="c">PER</subfield>
    <subfield code="d">2025-01-06</subfield>
    <subfield code="h">Vol. 65, No. 12</subfield>
    <subfield code="l">0</subfield>
    <subfield code="r">2025-01-06 00:00:00</subfield>
    <subfield code="w">2025-01-06</subfield>
    <subfield code="y">PR</subfield>
  </datafield>
  <datafield tag="952" ind1=" " ind2=" ">
    <subfield code="0">0</subfield>
    <subfield code="1">0</subfield>
    <subfield code="2">ddc</subfield>
    <subfield code="4">0</subfield>
    <subfield code="7">1</subfield>
    <subfield code="8">MBA</subfield>
    <subfield code="a">AIMIT</subfield>
    <subfield code="b">AIMIT</subfield>
    <subfield code="c">PER</subfield>
    <subfield code="d">2025-03-24</subfield>
    <subfield code="h">Vol. 66, No. 3</subfield>
    <subfield code="l">0</subfield>
    <subfield code="r">2025-03-26 10:31:19</subfield>
    <subfield code="w">2025-03-26</subfield>
    <subfield code="y">PR</subfield>
  </datafield>
  <datafield tag="952" ind1=" " ind2=" ">
    <subfield code="0">0</subfield>
    <subfield code="1">0</subfield>
    <subfield code="2">ddc</subfield>
    <subfield code="4">0</subfield>
    <subfield code="7">1</subfield>
    <subfield code="8">MBA</subfield>
    <subfield code="a">AIMIT</subfield>
    <subfield code="b">AIMIT</subfield>
    <subfield code="c">PER</subfield>
    <subfield code="d">2025-04-21</subfield>
    <subfield code="h">Vol. 66, No. 4</subfield>
    <subfield code="l">0</subfield>
    <subfield code="r">2025-04-21 16:41:51</subfield>
    <subfield code="w">2025-04-21</subfield>
    <subfield code="y">PR</subfield>
  </datafield>
  <datafield tag="952" ind1=" " ind2=" ">
    <subfield code="0">0</subfield>
    <subfield code="1">0</subfield>
    <subfield code="2">ddc</subfield>
    <subfield code="4">0</subfield>
    <subfield code="7">0</subfield>
    <subfield code="a">AL</subfield>
    <subfield code="b">AL</subfield>
    <subfield code="c">PS</subfield>
    <subfield code="d">2025-04-23</subfield>
    <subfield code="h">Vol. 66, No. 4</subfield>
    <subfield code="l">0</subfield>
    <subfield code="r">2025-04-23 10:35:13</subfield>
    <subfield code="w">2025-04-23</subfield>
    <subfield code="y">PR</subfield>
  </datafield>
  <datafield tag="952" ind1=" " ind2=" ">
    <subfield code="0">0</subfield>
    <subfield code="1">0</subfield>
    <subfield code="2">ddc</subfield>
    <subfield code="4">0</subfield>
    <subfield code="7">1</subfield>
    <subfield code="8">MBA</subfield>
    <subfield code="a">AIMIT</subfield>
    <subfield code="b">AIMIT</subfield>
    <subfield code="c">PER</subfield>
    <subfield code="d">2025-05-19</subfield>
    <subfield code="h">Vol. 66, No. 6</subfield>
    <subfield code="l">0</subfield>
    <subfield code="r">2025-05-20 10:23:28</subfield>
    <subfield code="w">2025-05-20</subfield>
    <subfield code="y">PR</subfield>
  </datafield>
  <datafield tag="952" ind1=" " ind2=" ">
    <subfield code="0">0</subfield>
    <subfield code="1">0</subfield>
    <subfield code="2">ddc</subfield>
    <subfield code="4">0</subfield>
    <subfield code="7">0</subfield>
    <subfield code="a">AL</subfield>
    <subfield code="b">AL</subfield>
    <subfield code="c">PS</subfield>
    <subfield code="d">2025-05-22</subfield>
    <subfield code="h">Vol. 66, No. 5</subfield>
    <subfield code="l">0</subfield>
    <subfield code="r">2025-05-22 12:12:25</subfield>
    <subfield code="w">2025-05-22</subfield>
    <subfield code="y">PR</subfield>
  </datafield>
  <datafield tag="952" ind1=" " ind2=" ">
    <subfield code="0">0</subfield>
    <subfield code="1">0</subfield>
    <subfield code="2">ddc</subfield>
    <subfield code="4">0</subfield>
    <subfield code="7">1</subfield>
    <subfield code="8">MBA</subfield>
    <subfield code="a">AIMIT</subfield>
    <subfield code="b">AIMIT</subfield>
    <subfield code="c">PER</subfield>
    <subfield code="d">2025-06-18</subfield>
    <subfield code="h">Vol. 66, No. 6</subfield>
    <subfield code="l">0</subfield>
    <subfield code="r">2025-06-18 16:56:14</subfield>
    <subfield code="w">2025-06-18</subfield>
    <subfield code="y">PR</subfield>
  </datafield>
  <datafield tag="952" ind1=" " ind2=" ">
    <subfield code="0">0</subfield>
    <subfield code="1">0</subfield>
    <subfield code="2">ddc</subfield>
    <subfield code="4">0</subfield>
    <subfield code="7">0</subfield>
    <subfield code="a">AL</subfield>
    <subfield code="b">AL</subfield>
    <subfield code="c">PS</subfield>
    <subfield code="d">2025-06-19</subfield>
    <subfield code="h">Vol. 66, No. 6</subfield>
    <subfield code="l">0</subfield>
    <subfield code="r">2025-06-19 15:28:44</subfield>
    <subfield code="w">2025-06-19</subfield>
    <subfield code="y">PR</subfield>
  </datafield>
  <datafield tag="952" ind1=" " ind2=" ">
    <subfield code="0">0</subfield>
    <subfield code="1">0</subfield>
    <subfield code="2">ddc</subfield>
    <subfield code="4">0</subfield>
    <subfield code="7">1</subfield>
    <subfield code="8">MBA</subfield>
    <subfield code="a">AIMIT</subfield>
    <subfield code="b">AIMIT</subfield>
    <subfield code="c">PER</subfield>
    <subfield code="d">2025-07-18</subfield>
    <subfield code="h">Vol. 66, No. 1</subfield>
    <subfield code="l">0</subfield>
    <subfield code="r">2025-07-18 16:56:23</subfield>
    <subfield code="w">2025-07-18</subfield>
    <subfield code="y">PR</subfield>
  </datafield>
  <datafield tag="952" ind1=" " ind2=" ">
    <subfield code="0">0</subfield>
    <subfield code="1">0</subfield>
    <subfield code="2">ddc</subfield>
    <subfield code="4">0</subfield>
    <subfield code="7">0</subfield>
    <subfield code="a">AL</subfield>
    <subfield code="b">AL</subfield>
    <subfield code="c">PS</subfield>
    <subfield code="d">2025-07-19</subfield>
    <subfield code="h">Vol. 66, No. 7</subfield>
    <subfield code="l">0</subfield>
    <subfield code="r">2025-07-19 08:55:31</subfield>
    <subfield code="w">2025-07-19</subfield>
    <subfield code="y">PR</subfield>
  </datafield>
  <datafield tag="952" ind1=" " ind2=" ">
    <subfield code="0">0</subfield>
    <subfield code="1">0</subfield>
    <subfield code="2">ddc</subfield>
    <subfield code="4">0</subfield>
    <subfield code="7">1</subfield>
    <subfield code="8">MBA</subfield>
    <subfield code="a">AIMIT</subfield>
    <subfield code="b">AIMIT</subfield>
    <subfield code="d">2025-08-20</subfield>
    <subfield code="h">Vol. 66, No. 8</subfield>
    <subfield code="l">0</subfield>
    <subfield code="r">2025-08-20 17:14:57</subfield>
    <subfield code="w">2025-08-20</subfield>
    <subfield code="y">PR</subfield>
  </datafield>
  <datafield tag="952" ind1=" " ind2=" ">
    <subfield code="0">0</subfield>
    <subfield code="1">0</subfield>
    <subfield code="2">ddc</subfield>
    <subfield code="4">0</subfield>
    <subfield code="7">0</subfield>
    <subfield code="a">AL</subfield>
    <subfield code="b">AL</subfield>
    <subfield code="c">PS</subfield>
    <subfield code="d">2025-08-21</subfield>
    <subfield code="h">Vol. 66, No. 8</subfield>
    <subfield code="l">0</subfield>
    <subfield code="r">2025-08-21 11:43:50</subfield>
    <subfield code="w">2025-08-21</subfield>
    <subfield code="y">PR</subfield>
  </datafield>
  <datafield tag="952" ind1=" " ind2=" ">
    <subfield code="0">0</subfield>
    <subfield code="1">0</subfield>
    <subfield code="2">ddc</subfield>
    <subfield code="4">0</subfield>
    <subfield code="7">0</subfield>
    <subfield code="a">AL</subfield>
    <subfield code="b">AL</subfield>
    <subfield code="c">PS</subfield>
    <subfield code="d">2025-10-06</subfield>
    <subfield code="h">Vol. 66, No. 9</subfield>
    <subfield code="l">0</subfield>
    <subfield code="r">2025-10-06 11:09:37</subfield>
    <subfield code="w">2025-10-06</subfield>
    <subfield code="y">PR</subfield>
  </datafield>
  <datafield tag="952" ind1=" " ind2=" ">
    <subfield code="0">0</subfield>
    <subfield code="1">0</subfield>
    <subfield code="2">ddc</subfield>
    <subfield code="4">0</subfield>
    <subfield code="7">1</subfield>
    <subfield code="8">MBA</subfield>
    <subfield code="a">AIMIT</subfield>
    <subfield code="b">AIMIT</subfield>
    <subfield code="c">PER</subfield>
    <subfield code="d">2025-10-08</subfield>
    <subfield code="h">Vol. 66, No. 9</subfield>
    <subfield code="l">0</subfield>
    <subfield code="r">2025-10-08 17:23:54</subfield>
    <subfield code="w">2025-10-08</subfield>
    <subfield code="y">PR</subfield>
  </datafield>
  <datafield tag="952" ind1=" " ind2=" ">
    <subfield code="0">0</subfield>
    <subfield code="1">0</subfield>
    <subfield code="2">ddc</subfield>
    <subfield code="4">0</subfield>
    <subfield code="7">1</subfield>
    <subfield code="8">MBA</subfield>
    <subfield code="a">AIMIT</subfield>
    <subfield code="b">AIMIT</subfield>
    <subfield code="c">PER</subfield>
    <subfield code="d">2025-10-21</subfield>
    <subfield code="h">Vol. 66, No. 10</subfield>
    <subfield code="l">0</subfield>
    <subfield code="r">2025-10-21 17:00:38</subfield>
    <subfield code="w">2025-10-21</subfield>
    <subfield code="y">PR</subfield>
  </datafield>
  <datafield tag="952" ind1=" " ind2=" ">
    <subfield code="0">0</subfield>
    <subfield code="1">0</subfield>
    <subfield code="2">ddc</subfield>
    <subfield code="4">0</subfield>
    <subfield code="7">0</subfield>
    <subfield code="a">AL</subfield>
    <subfield code="b">AL</subfield>
    <subfield code="c">PS</subfield>
    <subfield code="d">2025-10-27</subfield>
    <subfield code="h">Vol. 66, No. 10</subfield>
    <subfield code="l">0</subfield>
    <subfield code="r">2025-10-27 12:19:11</subfield>
    <subfield code="w">2025-10-27</subfield>
    <subfield code="y">PR</subfield>
  </datafield>
  <datafield tag="952" ind1=" " ind2=" ">
    <subfield code="0">0</subfield>
    <subfield code="1">0</subfield>
    <subfield code="2">ddc</subfield>
    <subfield code="4">0</subfield>
    <subfield code="7">0</subfield>
    <subfield code="a">AL</subfield>
    <subfield code="b">AL</subfield>
    <subfield code="c">PS</subfield>
    <subfield code="d">2025-11-21</subfield>
    <subfield code="h">Vol. 66, No. 11</subfield>
    <subfield code="l">0</subfield>
    <subfield code="r">2025-11-21 12:01:21</subfield>
    <subfield code="w">2025-11-21</subfield>
    <subfield code="y">PR</subfield>
  </datafield>
  <datafield tag="952" ind1=" " ind2=" ">
    <subfield code="0">0</subfield>
    <subfield code="1">0</subfield>
    <subfield code="2">ddc</subfield>
    <subfield code="4">0</subfield>
    <subfield code="7">0</subfield>
    <subfield code="a">AL</subfield>
    <subfield code="b">AL</subfield>
    <subfield code="c">PS</subfield>
    <subfield code="d">2025-12-22</subfield>
    <subfield code="h">Vol. 66, No. 12</subfield>
    <subfield code="l">0</subfield>
    <subfield code="r">2025-12-22 08:56:31</subfield>
    <subfield code="w">2025-12-22</subfield>
    <subfield code="y">PR</subfield>
  </datafield>
  <datafield tag="952" ind1=" " ind2=" ">
    <subfield code="0">0</subfield>
    <subfield code="1">0</subfield>
    <subfield code="2">ddc</subfield>
    <subfield code="4">0</subfield>
    <subfield code="7">1</subfield>
    <subfield code="8">MBA</subfield>
    <subfield code="a">AIMIT</subfield>
    <subfield code="b">AIMIT</subfield>
    <subfield code="c">PER</subfield>
    <subfield code="d">2026-01-21</subfield>
    <subfield code="h">Vol. 67, No. 1</subfield>
    <subfield code="l">0</subfield>
    <subfield code="r">2026-01-21 16:49:46</subfield>
    <subfield code="w">2026-01-21</subfield>
    <subfield code="y">PR</subfield>
  </datafield>
  <datafield tag="952" ind1=" " ind2=" ">
    <subfield code="0">0</subfield>
    <subfield code="1">0</subfield>
    <subfield code="2">ddc</subfield>
    <subfield code="4">0</subfield>
    <subfield code="7">0</subfield>
    <subfield code="a">AL</subfield>
    <subfield code="b">AL</subfield>
    <subfield code="c">PS</subfield>
    <subfield code="d">2026-02-03</subfield>
    <subfield code="h">Vol. 67, No. 1</subfield>
    <subfield code="l">0</subfield>
    <subfield code="r">2026-02-03 11:44:55</subfield>
    <subfield code="w">2026-02-03</subfield>
    <subfield code="y">PR</subfield>
  </datafield>
  <datafield tag="952" ind1=" " ind2=" ">
    <subfield code="0">0</subfield>
    <subfield code="1">0</subfield>
    <subfield code="2">ddc</subfield>
    <subfield code="4">0</subfield>
    <subfield code="7">0</subfield>
    <subfield code="a">AL</subfield>
    <subfield code="b">AL</subfield>
    <subfield code="c">PS</subfield>
    <subfield code="d">2026-02-17</subfield>
    <subfield code="h">Vol. 67, No. 2</subfield>
    <subfield code="l">0</subfield>
    <subfield code="r">2026-02-17 15:33:49</subfield>
    <subfield code="w">2026-02-17</subfield>
    <subfield code="y">PR</subfield>
  </datafield>
  <datafield tag="952" ind1=" " ind2=" ">
    <subfield code="0">0</subfield>
    <subfield code="1">0</subfield>
    <subfield code="2">ddc</subfield>
    <subfield code="4">0</subfield>
    <subfield code="7">0</subfield>
    <subfield code="a">AL</subfield>
    <subfield code="b">AL</subfield>
    <subfield code="c">PS</subfield>
    <subfield code="d">2026-03-27</subfield>
    <subfield code="h">Vol. 67, No. 3</subfield>
    <subfield code="l">0</subfield>
    <subfield code="r">2026-03-27 12:07:35</subfield>
    <subfield code="w">2026-03-27</subfield>
    <subfield code="y">PR</subfield>
  </datafield>
  <datafield tag="952" ind1=" " ind2=" ">
    <subfield code="0">0</subfield>
    <subfield code="1">0</subfield>
    <subfield code="2">ddc</subfield>
    <subfield code="4">0</subfield>
    <subfield code="7">1</subfield>
    <subfield code="8">MBA</subfield>
    <subfield code="a">AIMIT</subfield>
    <subfield code="b">AIMIT</subfield>
    <subfield code="c">PER</subfield>
    <subfield code="d">2026-03-27</subfield>
    <subfield code="h">Vol. 67, No. 3</subfield>
    <subfield code="l">0</subfield>
    <subfield code="r">2026-03-27 16:54:52</subfield>
    <subfield code="w">2026-03-27</subfield>
    <subfield code="y">PR</subfield>
  </datafield>
  <datafield tag="952" ind1=" " ind2=" ">
    <subfield code="0">0</subfield>
    <subfield code="1">0</subfield>
    <subfield code="2">ddc</subfield>
    <subfield code="4">0</subfield>
    <subfield code="7">1</subfield>
    <subfield code="8">MBA</subfield>
    <subfield code="a">AIMIT</subfield>
    <subfield code="b">AIMIT</subfield>
    <subfield code="c">PER</subfield>
    <subfield code="d">2026-04-27</subfield>
    <subfield code="h">Vol. 67, No. 4</subfield>
    <subfield code="l">0</subfield>
    <subfield code="r">2026-04-27 17:58:46</subfield>
    <subfield code="w">2026-04-27</subfield>
    <subfield code="y">PR</subfield>
  </datafield>
</record>
